000 00613nam a2200241 a 4500
001 nice12345678
003 IN_TiNIC
005 20260116013356.0
008 050524s1968 dela grp 000 0 eng
020 _a
_c14
082 0 0 _a297.93
_bEFF
100 _aEffendi, Shoghi
245 _aAdvent of Divine Justice
260 _aDelhi
_bBahri Pub.
_c1968
300 _a90p
500 _aincludes index and biblioraphy
505 2 _aEnglish Rendering Muhammad Akbnar Muradpuri, Abul Aziz Kamal
650 _aBahai Faith
700 1 _aEffendi, Shoghi
902 _bSRS
942 _cBK
999 _c10755
_d10755